Managing organizational behavior. / (Record no. 8192)
[ view plain ]
| 000 -LEADER | |
|---|---|
| fixed length control field | 01311nam a22002417a 4500 |
| 003 - CONTROL NUMBER IDENTIFIER | |
| control field | OSt |
| 005 - DATE AND TIME OF LATEST TRANSACTION | |
| control field | 20211206112635.0 |
| 008 - FIXED-LENGTH DATA ELEMENTS--GENERAL INFORMATION | |
| fixed length control field | 120229t xxu||||| |||| 00| 0 eng d |
| 020 ## - INTERNATIONAL STANDARD BOOK NUMBER | |
| International Standard Book Number | 9781111525590 |
| 020 ## - INTERNATIONAL STANDARD BOOK NUMBER | |
| International Standard Book Number | 1111525595 |
| 040 ## - CATALOGING SOURCE | |
| Transcribing agency | LC |
| 050 ## - LIBRARY OF CONGRESS CALL NUMBER | |
| Classification number | HD58.7.M82 |
| 100 ## - MAIN ENTRY--PERSONAL NAME | |
| Fuller form of name | Moorhead, Gregory |
| 245 ## - TITLE STATEMENT | |
| Title | Managing organizational behavior. / |
| Statement of responsibility, etc. | Gregory Moorhead, Ricky W. Griffin |
| 250 ## - EDITION STATEMENT | |
| Edition statement | 10th ed. |
| 260 ## - PUBLICATION, DISTRIBUTION, ETC. | |
| Place of publication, distribution, etc. | New York: |
| Name of publisher, distributor, etc. | South-Western, |
| Date of publication, distribution, etc. | 2012. |
| 300 ## - PHYSICAL DESCRIPTION | |
| Extent | xxiii, 592 p.: |
| Other physical details | ill. (some col.) |
| 500 ## - GENERAL NOTE | |
| General note | Includes index |
| 505 ## - FORMATTED CONTENTS NOTE | |
| Formatted contents note | Contents: 1. Foundations of organizational behavior: Introduction to organizational behavior -- The dynamic environment -- 2. Organizations and individuals: Behavior of individuals -- Motivation of individuals -- Individual performance -- Rewarding individual performance -- Stress management -- Problem solving and decision making -- 3. Groups in organizations: Group and interpersonal behavior -- Organizations and teams -- Organizations and communication -- Leadership -- Modern perspectives on leadership -- Power, politics and justice -- Conflict and resolution -- 4. Processes in organizations: Structure in organizations -- Design -- Culture -- Development and change -- |
| 650 ## - SUBJECT ADDED ENTRY--TOPICAL TERM | |
| Topical term or geographic name entry element | Management. |
| 700 ## - ADDED ENTRY--PERSONAL NAME | |
| Fuller form of name | Griffin, Ricky W. |
| 942 ## - ADDED ENTRY ELEMENTS (KOHA) | |
| Source of classification or shelving scheme | Library of Congress Classification |
| Koha item type | Books |
| Withdrawn status | Lost status | Source of classification or shelving scheme | Damaged status | Not for loan | Home library | Current library | Shelving location | Date acquired | Total Checkouts | Full call number | Barcode | Date last seen | Copy number | Price effective from | Koha item type |
|---|---|---|---|---|---|---|---|---|---|---|---|---|---|---|---|
| Library of Congress Classification | WISCONSIN INTERNATIONAL UNIVERSITY COLLEGE, GHANA KUMASI LIBRARY | WISCONSIN INTERNATIONAL UNIVERSITY COLLEGE, GHANA KUMASI LIBRARY | General Stacks | 11/11/2019 | HD58.7.M82(10e) | K/1837/1837/19 | 06/12/2021 | 1 | 06/12/2021 | Books | |||||
| Library of Congress Classification | WISCONSIN INTERNATIONAL UNIVERSITY COLLEGE, GHANA KUMASI LIBRARY | WISCONSIN INTERNATIONAL UNIVERSITY COLLEGE, GHANA KUMASI LIBRARY | General Stacks | 11/11/2019 | HD58.7.M821(10e) | K/1838/1838/19 | 06/12/2021 | 2 | 06/12/2021 | Books | |||||
| Library of Congress Classification | WISCONSIN INTERNATIONAL UNIVERSITY COLLEGE, GHANA KUMASI LIBRARY | WISCONSIN INTERNATIONAL UNIVERSITY COLLEGE, GHANA KUMASI LIBRARY | General Stacks | 11/11/2019 | HD58.7.M822(10e) | K/1839/1839/19 | 06/12/2021 | 3 | 06/12/2021 | Books |
